00869nam a22002177a 450000100060000000300080000600500170001400800410003103500190007204000350009104100080012608200240013410000280015824501440018626000720033030000380040250200780044050400340051865000720055270000270062480130BD-RjUL20220727145054.0220727s1991 bg a|||| m||| 00| 0 eng d a(BD-RjUL)80130 aBD-RjULbengcBD-RjULdBD-RjUL aeng 223a158.7bHAQ 1991 aHaque, A. B. M. zahirul10aQuality of working life of shift workers of jute mills in Rajshahi and Khulna Divisions /cA. B. M. Zahirul Haque ;6Supervisor : M. Junaid aRajshahi :bDepartment of Psychology, University of Rajshahi,c1991 avii, 177 leaves :bill, ;c29.cm. aThesis (Ph. D.) -- Department of Psychology, University of Rajshahi, 1991 aReferences : Leaves 135 - 146 aIndustrial Psychology vJute millsxRahjshahi and Khulna Divisions  aJunaid, M. Supervisor